000 00292nam a22001337a 4500
008 170316b xxu||||| |||| 00| 0 eng d
020 _a01303514745
041 _aeng
080 _23 ED
_a611
100 _a7
101 _aSHM
245 _aANATOMY AND PHYSIOLOGY
_cEVANS.W.E
942 _2udc
_cBK
999 _c7962
_d7962